000 01419cam a22002775a 4500
001 18054033
005 20160601121355.0
008 140304s2013 enk frb 001 0 eng d
020 _a9780230360204
020 _a0230360203
040 _aYDXCP
_cYDXCP
_dBTCTA
_dBDX
_dUKMGB
_dLWU
_dOCLCO
_dNLE
_dNLGGC
_dSTF
_dNKM
_dDLC
_dEG-ScBUE
_beng
082 0 4 _a070.4
_222
_bCOW
100 1 _aCoward, Rosalind.
_940114
245 1 0 _aSpeaking personally :
_bthe rise of subjective and confessional journalism /
_cby Rosalind Coward.
260 _aHoundmills ;
_aNew York :
_bPalgrave Macmillan,
_c2013.
300 _avi, 157 p. ;
_c22 cm.
490 0 _aJournalism: reflections on practice.
500 _aIndex : p.148-157.
504 _aBibliography : p. 141-147.
505 0 _aMachine generated contents note: 1.The Impersonal Voice and the Fallacies of Objectivity -- 2.Changing Places: Opinion Columns and Editorials -- 3.Gonzo and I: The New Journalism -- 4.Getting Closer: Feminisation, Featurisation and the Confessional Society -- 5.Confessional Journalism -- 6.Blogging and the Intimate Universality of Cyberspace.
520 _aThe personal voice is everywhere. Whether in comment writing, personal columns, confessional journalism or blogging, speaking personally is a dominant feature of contemporary journalism.
650 7 _aJournalism.
_2BUEsh
_937800
651 _2BUEsh
653 _bCOMAME
_cMay2016
942 _2ddc
999 _c21840
_d21812